What is density? / (Record no. 6060)

MARC details
000 -LEADER
fixed length control field 01072cam a22003134a 4500
001 - CONTROL NUMBER
control field 6060
003 - CONTROL NUMBER IDENTIFIER
control field FISKH
005 - DATE AND TIME OF LATEST TRANSACTION
control field 20250814145913.0
008 - FIXED-LENGTH DATA ELEMENTS--GENERAL INFORMATION
fixed length control field 050726s2006 nyua b 001 0 eng
010 ## - LIBRARY OF CONGRESS CONTROL NUMBER
LC control number 2005021641
020 ## - INTERNATIONAL STANDARD BOOK NUMBER
International Standard Book Number 0516236180
040 ## - CATALOGING SOURCE
Original cataloging agency DLC
Transcribing agency DLC
Modifying agency IG#
-- BAKER
-- DLC
Language of cataloging eng
050 ## - LIBRARY OF CONGRESS CALL NUMBER
Classification number QC173.36 .B37
082 ## - DEWEY DECIMAL CLASSIFICATION NUMBER
Classification number 531.14
100 1# - MAIN ENTRY--PERSONAL NAME
Personal name Barkan, Joanne.
245 10 - TITLE STATEMENT
Title What is density? /
Statement of responsibility, etc. by Joanne Barkan.
260 ## - PUBLICATION, DISTRIBUTION, ETC.
Place of publication, distribution, etc. New York :
Name of publisher, distributor, etc. Scholastic,
Date of publication, distribution, etc. 2006.
300 ## - PHYSICAL DESCRIPTION
Extent 31 pages :
Other physical details color illustrations ;
Dimensions 18 cm
440 #0 - SERIES STATEMENT/ADDED ENTRY--TITLE
Title Rookie read-about science
500 ## - GENERAL NOTE
General note Includes index.
505 ## - FORMATTED CONTENTS NOTE
Formatted contents note H<br/>
520 ## - SUMMARY, ETC.
Summary, etc. Explains what density is, using examples from a birthday party--such as a room filling with people, a floating balloon, and the bubbles in a cup of soda--to illustrate the concept.
521 8# - TARGET AUDIENCE NOTE
Target audience note 440<br/>
Source Lexile <br/>
521 8# - TARGET AUDIENCE NOTE
Target audience note H<br/>
Source Raz-Plus<br/>
650 #0 - SUBJECT ADDED ENTRY--TOPICAL TERM
Topical term or geographic name entry element Matter
General subdivision Properties
Form subdivision Juvenile literature.
650 #0 - SUBJECT ADDED ENTRY--TOPICAL TERM
Topical term or geographic name entry element Specific gravity
Form subdivision Juvenile literature.
906 ## - LOCAL DATA ELEMENT F, LDF (RLIN)
a 7
b cbc
c orignew
d 1
e ecip
f 20
g y-gencatlg
942 ## - ADDED ENTRY ELEMENTS (KOHA)
Source of classification or shelving scheme Dewey Decimal Classification
Koha item type Books
Suppress in OPAC No
Holdings
Withdrawn status Lost status Source of classification or shelving scheme Damaged status Not for loan Collection Home library Current library Shelving location Date acquired Total Checkouts Full call number Barcode Date last seen Date last checked out Price effective from Koha item type Copy number
    Dewey Decimal Classification     Juvenile Fiction Footprints International School Library Network Toul Kork Campus Footprints International School Library Network Toul Kork Campus TK Primary Library Room(4th Floor), Bookcase 1&2, Shelves 1-16, Dark Blue Books 03/05/2025 1 BAR 531.14 QC173.36 .B37 FISBK02063 02/26/2026 02/13/2026 03/05/2025 Books  
    Dewey Decimal Classification     Juvenile Fiction Footprints International School Library Network Toul Tom Poung Campus Footprints International School Library Network Toul Tom Poung Campus TTP Primary Dark Blue Bookshelves 08/14/2025   BAR 531.14 QC173.36 .B37 FISBK02064 08/14/2025   08/14/2025 Books 2